000 01096nim a2200253 i 4500
001 181941
003 ES-MaACL
005 20231223063121.0
007 s|*|||||||||||
008 130509s2005 sp ||| |||||||| | spa d
080 _a821.134.2-14"19"
100 1 _aLópez, Elsa,
_d1943-
_973324
245 1 3 _aEl viento y las adelfas [
_hGrabación sonora] /
_cautora y lectora de los poemas, Elsa López.
260 _a[Puerto de la Cruz] :
_bInstituto de Estudios Hispánicos de Canarias,
_c[2005]
300 _a47 p. ;
_c14 x 14 cm +
_e1 disco (CD-DA)
511 1 _aElsa López, lectora de los poemas ; Fabiola Socas, voz, piano y tambor gomero ; Domingo Rodríguez Oramas "El Colorao" ; Juan Carlos Pérez Brito, guitarra.
650 4 _aPoesías españolas-
_yS.XX.
_916221
710 2 _aInstituto de Estudios Hispánicos de Canarias.
_94907
852 _aES-MaACL
_jA-12662
_9188850
_bR.148696
_cDEPO1
_dOlim: N-5663
_xDonación: Elsa López
852 _aES-MaACL
_jROT 2/7/16
903 _aLópez, Elsa,
_d1943-
_ednr
_973324
942 _2udc
_cMONOGRAFIA
999 _c181941
_d181941